| 000 | 00713nam a2200289Ia 4500 | ||
|---|---|---|---|
| 005 | 20260324131952.0 | ||
| 008 | 008 260324s9999 xx 000 0 eng d | ||
| 020 | _a9781315248158 | ||
| 037 | _aEBOOK | ||
| 040 | _aCRL | ||
| 040 | _beng | ||
| 040 | _cCRL | ||
| 041 | _2eng | ||
| 041 | _aeng | ||
| 084 | _qCRL | ||
| 100 |
_aSokratis M. Koniordos _91187534 |
||
| 245 | 0 | _aNetworks, Trust and Social Capital | |
| 245 | 0 | _bTheoretical and Empirical Investigations from Europe | |
| 260 | _bTaylor and Francis | ||
| 260 | _c2005 | ||
| 365 | _a | ||
| 365 | _b230 | ||
| 856 | _uhttp://www.taylorfrancis.com/books/9781315248158 | ||
| 942 | _cEBOOK | ||
| 999 |
_c1785160 _d1785160 |
||